Miasta w Słowenii - nagła śmierć - Statystyki

Ogólne statystyki
  • Ten quiz został rozwiązany 170 razy
  • Średni wynik to 5 z 8
Answers on the Grid
Answers color-coded by a green-red scale on the quiz's grid according to % correct below.
Graz
Katowice
Debreczyn
Sarajewo
Zenica
Pula
Triest
Celje
Koper
Kranj
Lublana
Maribor
Novo Mesto
Ptuj
Valenje
 
Statystyki odpowiedzi
Odpowiedź % Poprawnych
Lublana
92%
Maribor
84%
Celje
73%
Koper
68%
Kranj
67%
Novo Mesto
55%
Ptuj
51%
Valenje
48%
Nie znaleziono quizów pasujących do podanych kryteriów
Rozkład punktacji
Procent ludzi z każdym wynikiem
Percentyl według liczby udzielonych odpowiedzi
Twoja historia wyników
Nie rozwiązałeś tego quizu